000 00714nam a2200289Ia 4500
005 20260324150040.0
008 008 260324s9999 xx 000 0 eng d
020 _a9780203988688
037 _aEBOOK
040 _aCRL
040 _beng
040 _cCRL
041 _2eng
041 _aeng
084 _qCRL
100 _aMordechai Abir
_91156583
245 0 _aOil, Power and Politics
245 0 _bConflict of Asian and African Studies, Hebrew University of Jerusalem
260 _bTaylor and Francis
260 _c1974
365 _a
365 _b65.99
856 _uhttp://www.taylorfrancis.com/books/9780203988688
942 _cEBOOK
999 _c1833890
_d1833890